Tripoint (Record no. 1050)

MARC details
000 -LEADER
fixed length control field 00438nam a2200193 a 4500
005 - DATE AND TIME OF LATEST TRANSACTION
control field 20260322212044.0
008 - FIXED-LENGTH DATA ELEMENTS--GENERAL INFORMATION
fixed length control field data
010 ## - LIBRARY OF CONGRESS CONTROL NUMBER
LC control number 93-038247
020 ## - INTERNATIONAL STANDARD BOOK NUMBER
International Standard Book Number 0446517801
020 ## - INTERNATIONAL STANDARD BOOK NUMBER
International Standard Book Number 9780446517805
040 ## - CATALOGING SOURCE
Original cataloging agency Donation
090 ## - LOCALLY ASSIGNED LC-TYPE CALL NUMBER (OCLC); LOCAL CALL NUMBER (RLIN)
Classification number (OCLC) (R) ; Classification number, CALL (RLIN) (NR) PS3553.H358;
001 - CONTROL NUMBER
control field data
100 1# - MAIN ENTRY--PERSONAL NAME
Personal name Cherryh, C. J.
245 10 - TITLE STATEMENT
Title Tripoint
Statement of responsibility, etc. C. J. Cherryh.
260 ## - PUBLICATION, DISTRIBUTION, ETC.
Place of publication, distribution, etc. New York
Name of publisher, distributor, etc. Warner Books
Date of publication, distribution, etc. c1994
300 ## - PHYSICAL DESCRIPTION
Extent 377 p. ;
Dimensions 24 cm.
650 #4 - SUBJECT ADDED ENTRY--TOPICAL TERM
Topical term or geographic name entry element Science fiction.
Holdings
Withdrawn status Lost status Damaged status Not for loan Home library Current library Shelving location Date acquired Total checkouts Full call number Barcode Date last seen Price effective from Koha item type
        Franklin Franklin General stacks 22/03/2026   GEN BC0011084 22/03/2026 22/03/2026 Books